An address to the people of the state of New York : on the subject of the Constitution, agreed upon at Philadelphia, the 17th of September, 1787.

Bibliographic Details
Main Author: Jay, John, 1745-1829
Format: Microform Book
Language:English
Subjects:

MARC

Tag First Indicator Second Indicator Subfields
LEADER 00000cam a2200000 a 4500
001 in00000099122
005 20150924155915.0
007 he bm| ba||
008 780131s1787 nyu b 00000 eng d
035 |a (OCoLC)03590103 
035 |9 AAK9989AM 
040 |a DLC  |c RRR  |d RRR  |d m.c.  |d TXA  |d UtOrBLW 
043 |a n-us--- 
049 |a TXAI 
082 0 |a 342.733 
099 |a fiche  |a C  |a 4440 
100 1 |a Jay, John,  |d 1745-1829. 
245 1 3 |a An address to the people of the state of New York :  |b on the subject of the Constitution, agreed upon at Philadelphia, the 17th of September, 1787. 
264 3 |a New York :  |b Printed by S. and J. Loudon, printers to the state,  |c [1788?] 
300 |a 19 pages ;  |c 22 cm. 
336 |a text  |b txt  |2 rdacontent 
337 |a microform  |b h  |2 rdamedia 
338 |a microfiche  |b he  |2 rdacarrier 
500 |a Signed: A citizen of New-York. 
500 |a "Sabin : 35830." 
500 |a "Copied from the original in the Library of Congress." 
533 |a Microfiche.  |b Louisville, [Ky.] :  |c Lost Cause Press,  |d 1977.  |e 2 microfiches : negative ; 11 x 15 cm.  |f (Selected Americana from Sabin's Dictionary of books relating to America) 
500 |a Microform. 
610 1 0 |a United States.  |t Constitution. 
999 |a MARS 
999 f f |s 17a01d27-7640-341c-b737-d9930d8161ee  |i 9e14abd9-6442-3fbf-8274-fe9d26ecc46d  |t 0 
952 f f |p normal  |a Texas A&M University  |b College Station  |c Sterling C. Evans Library  |d Evans: Microforms (3rd floor)  |t 0  |e fiche C 4440  |h Other scheme  |i microform -- microfiche  |m A14821691601 
998 f f |a fiche C 4440  |t 0  |l Evans: Microforms (3rd floor)